Mein Kampf (Record no. 11257)

MARC details
000 -LEADER
fixed length control field 00247nam a22000977a 4500
008 - FIXED-LENGTH DATA ELEMENTS--GENERAL INFORMATION
fixed length control field 181204b ||||| |||| 00| 0 eng d
020 ## - INTERNATIONAL STANDARD BOOK NUMBER
International Standard Book Number 9788172345426
100 ## - MAIN ENTRY--PERSONAL NAME
Personal name Hitler Adolf
9 (RLIN) 7005
245 ## - TITLE STATEMENT
Title Mein Kampf
260 ## - PUBLICATION, DISTRIBUTION, ETC. (IMPRINT)
Place of publication, distribution, etc. New Delhi
Name of publisher, distributor, etc. Prakash Books
Date of publication, distribution, etc. 2018
Holdings
Withdrawn status Lost status Source of classification or shelving scheme Damaged status Koha normalized classification for sorting Not for loan Home library Current library Shelving location Date acquired Total Checkouts Total Renewals Full call number Barcode Date last seen Date last checked out Price effective from Koha item type
    Dewey Decimal Classification   943_080000000000000   Good Samaritan School Library Good Samaritan School Library Biography 12/04/2018 9 2 943.08 HIT15199 12/29/2023 12/20/2023 12/04/2018 BOOK

Powered by Koha